Zhodnotenie finančného zdravia vo vybranom podniku bakalárska práca

Gespeichert in:
Bibliographische Detailangaben
1. Verfasser: Cehelský, Sebastián
Körperschaft: Podnikovohospodárska fakulta EU so sídlom v Košiciach. Katedra ekonómie
Weitere Verfasser: Lacko, Roman, 1988-
Format: Buch
Sprache:Slowakisch
Veröffentlicht: Košice 2018
Tags: Tag hinzufügen
Keine Tags, Fügen Sie das erste Tag hinzu!

MARC

LEADER 00000nbm a2200000 4500
001 0245769
005 20240827093359.4
041 0 |a slo 
044 |a SK 
245 1 0 |a Zhodnotenie finančného zdravia vo vybranom podniku  |b bakalárska práca  |c Sebastián Cehelský ; školiteľ: Roman Lacko 
264 1 |a Košice  |c 2018 
300 |a 51 s. 
100 1 |a Cehelský, Sebastián 
700 1 |a Lacko, Roman, 1988- 
710 2 |a Podnikovohospodárska fakulta EU so sídlom v Košiciach. Katedra ekonómie